000 00640nam a22001817a 4500
003 OSt
005 20240906151442.0
008 240906b ||||| |||| 00| 0 eng d
040 _cAIMIT LIBRARY
100 _aRai, Saniha.
_e2216173
_9178913
245 _aInfluence of digital marketing strategies agile marketing and growth hacking on self congruity and brand equity /
_cBy Saniha Rai ; Guided by James, Justine.
260 _aMangalore ;
_c2024.
650 _aReview of the literature
_9178914
650 _aResearch methodology
_9178915
700 _aJames, Justine.
_eGuide
_9178916
856 _3Karnataka Agencies
942 _2ddc
_cPRO
999 _c231777
_d231777